| 000 | 00870nam a2200241 i 4500 | ||
|---|---|---|---|
| 001 | 133881 | ||
| 003 | ES-MaACL | ||
| 005 | 20230906194542.0 | ||
| 007 | t| | ||
| 008 | 070903s1963 sp ||||1| spa d | ||
| 080 | _a939.73(02) | ||
| 100 | 1 |
_aWalter, Gérard. _9116007 |
|
| 245 | 1 | 3 |
_aLa destrucción de Cartago, 264-146 a. J. C. / _cGérard Walter ; versión española de Enrique Borrás Cubells. |
| 260 |
_aBarcelona : _bGrijalbo, _c1963. |
||
| 300 |
_a443 p., [32] p. de lám. : il.. ; _c24 cm. |
||
| 490 | 1 |
_aPensamiento e historia. El ocaso de los imperios ; _v1 |
|
| 650 | 4 |
_aGuerras púnicas. _9173235 |
|
| 651 | 4 |
_aCartago (Ciudad desaparecida)- _xHistoria. _9147979 |
|
| 700 | 1 |
_aBorrás Cubells, Enric. _930558 |
|
| 830 | 1 |
_aPensamiento e historia. El ocaso de los imperios ; _v1 _9219796 |
|
| 852 |
_aES-MaACL _jP-734-bis-1 |
||
| 999 |
_c133881 _d133881 |
||